Online
Catalog

La Política Educativa de la Segunda República durante el Bienio Azañist / (Record no. 41280)

MARC details
000 -CABECERA
campo de control de longitud fija 00792nam a2200193 a 4500
001 - NÚMERO DE CONTROL
campo de control 000041791
005 - FECHA Y HORA DE LA ÚLTIMA TRANSACCIÓN
campo de control 20201002035746.0
008 - DATOS DE LONGITUD FIJA--INFORMACIÓN GENERAL
campo de control de longitud fija 131017s1977 sp ac 000 0 spa d
020 ## - NÚMERO INTERNACIONAL ESTÁNDAR DEL LIBRO
Número Internacional Estándar del Libro 8400036336
040 ## - FUENTE DE LA CATALOGACIÓN
Centro catalogador/agencia de origen DO-SdBNP
Lengua de catalogación spa
Centro/agencia transcriptor BNPHU
082 ## - NÚMERO DE LA CLASIFICACIÓN DECIMAL DEWEY
Número de clasificación xxx
Número de documento/Ítem xxx
100 1# - ENTRADA PRINCIPAL--NOMBRE DE PERSONA
Nombre de persona Samaniego Boneu, Mercedes
9 (RLIN) 68653
245 13 - MENCIÓN DE TÍTULO
Título La Política Educativa de la Segunda República durante el Bienio Azañist /
Mención de responsabilidad, etc. Mercedes Samaniego Boneu ; prólogo de María Dolores Gómez Molleda.
260 ## - PUBLICACIÓN, DISTRIBUCIÓN, ETC.
Lugar de publicación, distribución, etc. Madrid :
Nombre del editor, distribuidor, etc. C.S.I.C.,
-- Escuela Historia Moderna,
Fecha de publicación, distribución, etc. 1977.
300 ## - DESCRIPCIÓN FÍSICA
Extensión xxxvi, 392 p. :
Otras características físicas il., retrs. ;
Dimensiones 25 cm.
490 1# - MENCIÓN DE SERIE
Mención de serie Historia de España en el mundo moderno
-- estudios
Designación de volumen o secuencia 6
700 12 - PUNTO DE ACCESO ADICIONAL--NOMBRE DE PERSONA
Nombre de persona Gómez Molleda, María Dolores
Término indicativo de función/relación prol.
9 (RLIN) 68654
830 #0 - PUNTO DE ACCESO ADICIONAL DE SERIE-TÍTULO UNIFORME
Título uniforme Historia de España en el mundo moderno
Nombre de parte o sección de la obra estudios
Designación de volumen o secuencia 6
9 (RLIN) 68655
Holdings
Estado de retiro Estado de pérdida Restricciones de uso No para préstamo Código de colección Localización permanente Ubicación/localización actual Ubicación en estantería Fecha de adquisición Número de inventario Total de préstamos Signatura topográfica completa Código de barras Fecha visto por última vez Precio válido a partir de Tipo de ítem Koha
      Excluido de préstamo Monografías: Libros y Folletos General General En catalogación 17.10.2013 LF1   xxx xxx 41791-10 25.06.2020 25.06.2020 No se presta

Powered by Koha